[Event "88th Hastings Masters"]
[Site "Hastings ENG"]
[Date "2013.01.03"]
[Round "7.36"]
[White "Safarian, Alek"]
[Black "Macrae, James S"]
[Result "1-0"]
[WhiteElo "2050"]
[BlackElo "1717"]
[WhiteFideId "3202135"]
[BlackFideId "2401797"]
[EventDate "2012.12.28"]

1. d4 d5 2. c4 e6 3. Nf3 Nf6 4. e3 Be7 5. Nc3 O-O 6. Qc2 b6 7. cxd5 exd5 8. Bd3
Ba6 9. O-O Bxd3 10. Qxd3 Nbd7 11. b3 c5 12. Rd1 Rc8 13. dxc5 Nxc5 14. Qb1 Qd7
15. Bb2 Rfd8 16. Nd4 Nfe4 17. Nce2 Bf6 18. a4 Ne6 19. Rc1 Nxd4 20. Nxd4 Nc5 21.
Rd1 Ne6 22. Qd3 Nxd4 23. Bxd4 Bxd4 24. Qxd4 Qe6 25. Rd3 f6 26. Rad1 Kf7 27. h3
f5 28. f3 Rc2 29. Qh4 Qg6 30. g4 Rd7 31. Rxd5 Rxd5 32. Rxd5 Rc1+ 33. Kf2 Rc2+
34. Kg3 Qc6 35. Rxf5+ Ke6 36. Qxh7 Qd6+ 37. Rf4 Rg2+ 38. Kh4 Qe7+ 39. Kh5 Qe8+
40. Qg6+ 1-0

[Event "88th Hastings Masters"]
[Site "Hastings ENG"]
[Date "2013.01.03"]
[Round "7.37"]
[White "Gunn, Michael J"]
[Black "Armstrong, Malcolm J"]
[Result "0-1"]
[WhiteElo "1772"]
[BlackElo "2046"]
[WhiteFideId "409030"]
[BlackFideId "409049"]
[EventDate "2012.12.28"]

1. c4 Nf6 2. Nc3 g6 3. g3 Bg7 4. Bg2 O-O 5. e4 d6 6. Nge2 e5 7. O-O Nc6 8. d3
Ne7 9. f4 c6 10. fxe5 dxe5 11. Bg5 Ng4 12. h3 f6 13. Bc1 Qb6+ 14. Kh1 Nf2+ 15.
Rxf2 Qxf2 16. Bd2 Qb6 17. Qc1 Be6 18. Na4 Qc7 19. Nc5 Bf7 20. h4 b6 21. Na6 Qd7
22. Qc2 Rad8 23. Nc1 f5 24. Bh3 Be6 25. exf5 Bxf5 26. Bxf5 Qxf5 0-1

[Event "88th Hastings Masters"]
[Site "Hastings ENG"]
[Date "2013.01.03"]
[Round "7.38"]
[White "Willson, Ollie"]
[Black "Pickersgill, Adrian O"]
[Result "1/2-1/2"]
[WhiteElo "1650"]
[BlackElo "2029"]
[WhiteFideId "424714"]
[BlackFideId "404519"]
[EventDate "2012.12.28"]

1. c4 e5 2. Nc3 d6 3. Nf3 f5 4. d3 c6 5. g3 Nf6 6. Bg2 Be7 7. O-O Na6 8. Bd2 O-O
9. a3 Nc7 10. b4 Qe8 11. Rb1 Ne6 12. b5 e4 13. dxe4 fxe4 14. Ng5 d5 15. bxc6
bxc6 16. cxd5 cxd5 17. Nxe6 Bxe6 18. Nb5 Qd7 19. a4 Rac8 20. Be3 a6 21. Nd4 Bh3
22. Rb6 1/2-1/2

[Event "88th Hastings Masters"]
[Site "Hastings ENG"]
[Date "2013.01.03"]
[Round "7.40"]
[White "Kent, Paul"]
[Black "Haria, Ravi"]
[Result "0-1"]
[WhiteElo "1596"]
[BlackElo "2032"]
[WhiteFideId "402214"]
[BlackFideId "415820"]
[EventDate "2012.12.28"]

1. Nf3 Nf6 2. d4 c5 3. c4 cxd4 4. Nxd4 e5 5. Nb5 d5 6. cxd5 Bc5 7. N5c3 O-O 8.
e3 e4 9. Qc2 Bf5 10. Bc4 Nbd7 11. Na4 Bd6 12. Qe2 Rc8 13. Nac3 Bg4 14. Qf1 Rxc4
15. Qxc4 Ne5 16. Qf1 Nd3+ 17. Kd2 Qa5 18. f3 Bf5 19. Kd1 Rc8 20. Nd2 Nxd5 21.
Nxd5 Qxd5 22. b3 Bb4 23. Ke2 Nxc1+ 0-1

[Event "88th Hastings Masters"]
[Site "Hastings ENG"]
[Date "2013.01.03"]
[Round "7.41"]
[White "Cekulis, Maris"]
[Black "Shierlaw, Hamish"]
[Result "1/2-1/2"]
[WhiteElo "1811"]
[BlackElo "1582"]
[WhiteFideId "3217671"]
[BlackFideId "4301765"]
[EventDate "2012.12.28"]

1. d4 Nf6 2. c4 e6 3. Nc3 d5 4. cxd5 Nxd5 5. e4 Nxc3 6. bxc3 Be7 7. Nf3 O-O 8.
Bd3 b6 9. O-O Bb7 10. Qe2 Nd7 11. e5 c5 12. Bb2 cxd4 13. cxd4 Rc8 14. Rac1 Rc7
15. Rxc7 Qxc7 16. Rc1 Qb8 17. Bb1 Rc8 18. Rxc8+ Qxc8 19. Qd3 Nf8 20. Qc3 1/2-1/2

[Event "88th Hastings Masters"]
[Site "Hastings ENG"]
[Date "2013.01.03"]
[Round "7.42"]
[White "Mitchell, Robert1"]
[Black "Pooley, Mark C"]
[Result "1-0"]
[WhiteElo "1690"]
[BlackElo "1693"]
[WhiteFideId "4302095"]
[BlackFideId "423084"]
[EventDate "2012.12.28"]

1. d4 b6 2. Nf3 Bb7 3. g3 Nf6 4. Bg2 d5 5. O-O e6 6. c4 Nbd7 7. Nbd2 Be7 8. b3
O-O 9. Bb2 c5 10. e3 Rc8 11. Rc1 Re8 12. Ne5 Nxe5 13. dxe5 Nd7 14. Qg4 Nf8 15.
cxd5 Bxd5 16. Bxd5 Qxd5 17. Rfd1 Qb7 18. Ne4 Red8 19. Nf6+ Kh8 20. Nh5 Ng6 21.
Rd6 Rxd6 22. exd6 Bf8 23. Rd1 Rd8 24. h4 Qc6 25. Nf6 Rxd6 26. Rxd6 Qxd6 27. Ne4
Qd5 28. h5 f5 29. Qh3 Qxe4 30. hxg6 1-0

[Event "88th Hastings Masters"]
[Site "Hastings ENG"]
[Date "2013.01.04"]
[Round "8.1"]
[White "Sulskis, Sarunas"]
[Black "Gao, Rui"]
[Result "1/2-1/2"]
[WhiteTitle "GM"]
[BlackTitle "IM"]
[WhiteElo "2550"]
[BlackElo "2450"]
[WhiteFideId "12800112"]
[BlackFideId "8602387"]
[EventDate "2012.12.28"]

1. e4 c5 2. Nf3 d6 3. d4 cxd4 4. Nxd4 Nf6 5. f3 e5 6. Nb3 Be7 7. c4 a5 8. Be3 a4
9. Nc1 Nc6 10. Bd3 O-O 11. O-O Nh5 12. Ne2 Bg5 13. Bf2 Be6 14. Nbc3 Nb4 15. Rb1
Qe7 16. Kh1 Rfc8 17. b3 axb3 18. axb3 g6 19. Be1 Be3 20. Na4 Nxd3 21. Qxd3 Qg5
22. Nac3 Bc5 23. Bf2 Bb4 24. Be3 Qe7 25. Rfd1 Rc6 26. Ra1 Rca6 27. Ra4 Rxa4 28.
Nxa4 Rc8 29. Kg1 Ng7 30. Nec3 Bxc3 31. Nxc3 Ne8 32. f4 exf4 33. Bxf4 Qf6 34. Bg3
Ra8 35. Na4 h5 36. Bxd6 Nxd6 37. Qxd6 Qg5 38. Qc5 Qg4 39. Re1 h4 40. Qf2 h3 41.
Nc5 b6 42. Nxe6 Qxe6 43. gxh3 b5 44. cxb5 Qxb3 45. b6 Ra2 1/2-1/2

[Event "88th Hastings Masters"]
[Site "Hastings ENG"]
[Date "2013.01.04"]
[Round "8.3"]
[White "Sumets, Andrey"]
[Black "Burns-Mannion, Stephen R"]
[Result "1/2-1/2"]
[WhiteTitle "GM"]
[BlackTitle "IM"]
[WhiteElo "2638"]
[BlackElo "2351"]
[WhiteFideId "14105500"]
[BlackFideId "2400111"]
[EventDate "2012.12.28"]

1. d4 d5 2. Nf3 Nf6 3. c4 dxc4 4. e3 e6 5. Bxc4 c5 6. O-O a6 7. Bb3 b5 8. a4 b4
9. Nbd2 Bb7 10. e4 Be7 11. e5 Nfd7 12. Nc4 O-O 13. Bc2 cxd4 14. Qxd4 b3 15. Bxb3
Bxf3 16. gxf3 Nc6 17. Qe3 Nc5 18. Bd1 Rb8 19. a5 Nd4 20. Nb6 Nf5 21. Qe2 Bg5 22.
f4 Bh6 23. Ra3 Qd4 24. Be3 Nxe3 25. fxe3 Qb4 26. Bc2 Rfd8 27. Nc4 g6 28. h4 Bf8
29. h5 Rd5 30. hxg6 hxg6 31. Rc3 Rbd8 32. Rc1 Be7 33. Qg2 Kg7 34. Qe2 Qb5 35.
Qf1 Qb4 36. Qf3 Nd3 37. Bxd3 Rxd3 38. Rxd3 Rxd3 39. Qe2 Rd5 40. Kg2 Bd8 41. Kg3
Rc5 42. Qc2 Bxa5 43. b3 Rc8 44. Qa2 Bb6 45. Rh1 Rh8 46. Rxh8 Kxh8 47. Kf3 Qb5
48. Qc2 Kg7 49. Qd3 Bc7 50. Ke2 Qc6 51. Nd6 Qg2+ 52. Kd1 Ba5 53. Nc4 Qg1+ 1/2-1/2

[Event "88th Hastings Masters"]
[Site "Hastings ENG"]
[Date "2013.01.04"]
[Round "8.5"]
[White "Kvisla, Johannes Luangtep"]
[Black "Vocaturo, Daniele"]
[Result "1/2-1/2"]
[BlackTitle "GM"]
[WhiteElo "2148"]
[BlackElo "2521"]
[WhiteFideId "1504533"]
[BlackFideId "813192"]
[EventDate "2012.12.28"]

1. d4 Nf6 2. c4 c5 3. d5 e5 4. Nc3 d6 5. e4 Be7 6. g3 a6 7. a4 O-O 8. Bg2 Ne8 9.
Nge2 Nd7 10. O-O g6 11. Bh6 Ng7 12. Qd2 Nf6 13. h3 Kh8 14. Kh2 Ng8 15. Be3 f5
16. f4 Bf6 17. fxe5 Bxe5 18. Bf4 Bf6 19. exf5 gxf5 20. Be3 Bd7 21. Nf4 Qa5 22.
Nd3 Ne7 23. Bg5 Ng6 24. Bxf6 Rxf6 25. Qg5 Rff8 26. Nf4 Nxf4 27. Qxf4 Qb6 28. Ne4
Qxb2 29. Qxd6 Rad8 30. Ng5 Be6 31. Qe7 Bg8 32. Rab1 Qf6 33. Qxf6 Rxf6 34. Ne4
Rg6 35. Nxc5 b6 36. Nxa6 Ra8 37. Nc7 Rxa4 38. Rbc1 Ra2 39. Ra1 Rc2 40. Rac1 Ra2
41. Ra1 Rc2 42. Rac1 1/2-1/2

[Event "88th Hastings Masters"]
[Site "Hastings ENG"]
[Date "2013.01.04"]
[Round "8.8"]
[White "Zhou, Yang-Fan"]
[Black "Pert, Nicholas"]
[Result "1-0"]
[WhiteTitle "IM"]
[BlackTitle "GM"]
[WhiteElo "2419"]
[BlackElo "2557"]
[WhiteFideId "468584"]
[BlackFideId "403989"]
[EventDate "2012.12.28"]

1. e4 e6 2. d4 d5 3. Nd2 Nf6 4. e5 Nfd7 5. Ngf3 c5 6. c3 Nc6 7. Bd3 g6 8. h4 h6
9. Qe2 cxd4 10. cxd4 Nb4 11. O-O Nxd3 12. Qxd3 Nb8 13. Nb1 b6 14. Nc3 Ba6 15.
Nb5 Bxb5 16. Qxb5+ Qd7 17. a4 Bg7 18. Bd2 Qxb5 19. axb5 Kd7 20. Rfc1 Rc8 21. Bb4
Rxc1+ 22. Rxc1 Kd8 23. Bd6 Nd7 24. Bc7+ Ke8 25. Ra1 Bf8 26. Ne1 Be7 27. h5 gxh5
28. Nd3 h4 29. f4 f5 30. Kh2 Kf7 31. Ra2 Ke8 32. Ra1 Bf8 33. Kh3 Be7 34. Bd6
Bxd6 35. exd6 Nf6 36. Ne5 Ne4 37. d7+ Kd8 38. Rc1 Nf6 39. Rc6 Ng4 40. Rxe6 Nxe5
41. Re8+ Kxd7 42. Rxa8 Nd3 43. Rxa7+ Kd6 44. g3 hxg3 45. Kxg3 Nxb2 46. Rh7 Nc4
47. Rxh6+ Kc7 48. Rc6+ Kb7 49. Rf6 Na3 50. Rxf5 Nxb5 51. Rxd5 Nc3 52. Re5 Kc6
53. f5 Nd5 54. f6 Nxf6 55. Re6+ Kd5 56. Rxf6 b5 57. Rb6 1-0

[Event "88th Hastings Masters"]
[Site "Hastings ENG"]
[Date "2013.01.04"]
[Round "8.9"]
[White "Rayner, Francis"]
[Black "Williams, Simon K"]
[Result "1/2-1/2"]
[BlackTitle "GM"]
[WhiteElo "2166"]
[BlackElo "2515"]
[WhiteFideId "1800132"]
[BlackFideId "404454"]
[EventDate "2012.12.28"]

1. e4 c5 2. Nf3 e6 3. d4 cxd4 4. Nxd4 d6 5. c4 Nf6 6. Nc3 Be7 7. Be2 O-O 8. O-O
Nc6 9. Be3 a6 10. Qd2 Bd7 11. f3 Qb8 12. Nb3 Bd8 13. Kh1 Na5 14. Rfd1 Nxb3 15.
axb3 Bc7 16. Bf4 d5 17. Bxc7 Qxc7 18. exd5 exd5 19. Nxd5 Nxd5 20. Qxd5 Bc6 21.
Qd6 Qb6 22. b4 Rae8 23. Bf1 Re6 24. Qc5 Qc7 25. b5 Re5 26. b6 Rxc5 27. bxc7 Be8
28. b4 Rxc7 29. b5 axb5 30. cxb5 Re7 31. Ra7 f6 32. Kg1 Bf7 33. Bd3 Rd8 34.
Bxh7+ Kxh7 35. Rxd8 Bc4 36. b6 Ba6 37. Rc8 Re1+ 38. Kf2 Rb1 39. Raa8 Rxb6 40. g4
Rb2+ 41. Kg3 Rb3 42. h4 Be2 43. h5 Rxf3+ 44. Kh4 g5+ 45. hxg6+ Kxg6 46. Rg8+ Kh6
47. Rh8+ Kg6 48. Rag8+ Kf7 49. Rf8+ Kg6 50. Rhg8+ Kh6 51. Rh8+ Kg6 52. Rhg8+ Kh6
53. Rh8+ 1/2-1/2

[Event "88th Hastings Masters"]
[Site "Hastings ENG"]
[Date "2013.01.04"]
[Round "8.10"]
[White "Flear, Glenn C"]
[Black "Farid, Firman Syah"]
[Result "1/2-1/2"]
[WhiteTitle "GM"]
[BlackTitle "IM"]
[WhiteElo "2481"]
[BlackElo "2338"]
[WhiteFideId "400165"]
[BlackFideId "7102526"]
[EventDate "2012.12.28"]

1. d4 g6 2. e4 Bg7 3. c4 d6 4. Nc3 Nf6 5. f4 O-O 6. Nf3 c5 7. dxc5 Qa5 8. Bd3
Qxc5 9. Qe2 Nc6 10. Be3 Qa5 11. O-O Bg4 12. Rac1 Rac8 13. h3 Bxf3 14. Qxf3 Nd7
15. Qf2 Nb4 16. Bb1 Rxc4 17. Nd5 Rxc1 18. Nxe7+ Kh8 19. Rxc1 Nxa2 20. Rd1 Re8
21. Nd5 Nb4 22. Qd2 Nc6 23. Qxa5 Nxa5 24. b4 Nc4 25. Bxa7 Ra8 26. Bf2 b5 27. Nc7
Rb8 28. Bd4 Nf6 29. Kf2 Rb7 30. Nd5 Nxd5 31. Bxg7+ Kxg7 32. Rxd5 Kf8 33. Ke2 Ke7
34. Kd3 Rc7 35. Ke2 Na3 36. Bd3 Nc2 37. Kd2 Nxb4 38. Rxb5 Nxd3 39. Kxd3 h5 40.
Rd5 Ra7 41. Rc5 1/2-1/2

[Event "88th Hastings Masters"]
[Site "Hastings ENG"]
[Date "2013.01.04"]
[Round "8.12"]
[White "Ashton, Adam G"]
[Black "Prosviriakov, Vladimir"]
[Result "1/2-1/2"]
[WhiteTitle "FM"]
[BlackTitle "IM"]
[WhiteElo "2366"]
[BlackElo "2293"]
[WhiteFideId "410110"]
[BlackFideId "2004860"]
[EventDate "2012.12.28"]

1. e4 e5 2. Nf3 Nc6 3. Bc4 d6 4. d4 exd4 5. Nxd4 g6 6. O-O Bg7 7. Nxc6 bxc6 8.
Nc3 Ne7 9. Bg5 O-O 10. f4 Kh8 11. f5 f6 12. Bd2 gxf5 13. Bd3 fxe4 14. Nxe4 Bd7
15. Ng3 Be8 16. Nh5 Bg6 17. Nxg7 Kxg7 18. Qg4 Kh8 19. Bc3 Nd5 20. Bxg6 Rg8 21.
Rxf6 Nxf6 22. Rf1 Rxg6 23. Qxg6 hxg6 24. Bxf6+ Qxf6 25. Rxf6 Kg7 26. Rf4 Rb8 27.
b3 a5 28. Rc4 Rb6 29. Kf2 Kf6 30. Ke3 Ke5 31. h4 Kf5 32. g4+ Ke5 33. Re4+ Kf6
34. Rf4+ Kg7 35. Ra4 Rb5 36. Rc4 Rb6 37. c3 Kf6 38. Kf4 Kg7 39. Re4 Kf6 40. g5+
Kf7 41. Kg4 d5 42. Rf4+ Kg7 43. Ra4 Rb5 44. h5 gxh5+ 45. Kxh5 Rc5 46. b4 Rxc3
47. bxa5 Rh3+ 48. Kg4 Rh8 49. a6 Ra8 50. a7 c5 51. Ra5 d4 52. Rxc5 Rxa7 53. Kf4 1/2-1/2

[Event "88th Hastings Masters"]
[Site "Hastings ENG"]
[Date "2013.01.04"]
[Round "8.14"]
[White "Stewart, Neil"]
[Black "Hebden, Mark L"]
[Result "0-1"]
[WhiteTitle "FM"]
[BlackTitle "GM"]
[WhiteElo "2264"]
[BlackElo "2547"]
[WhiteFideId "4636988"]
[BlackFideId "400084"]
[EventDate "2012.12.28"]

1. c4 g6 2. g3 Bg7 3. Bg2 Nf6 4. Nc3 O-O 5. e4 c5 6. Nge2 Nc6 7. O-O a6 8. d3
Rb8 9. a4 d6 10. h3 Ne8 11. Be3 e5 12. Nd5 Nc7 13. Nxc7 Qxc7 14. Nc3 Nb4 15. Qd2
Bd7 16. Kh2 b5 17. axb5 axb5 18. Ra3 bxc4 19. dxc4 Be6 20. b3 f5 21. exf5 gxf5
22. Bh6 Bxh6 23. Qxh6 Qe7 24. Rfa1 Qf6 25. Qxf6 Rxf6 26. Ra8 Rxa8 27. Rxa8+ Rf8
28. Ra7 Rf7 29. Ra8+ Kg7 30. Rd8 Rd7 31. Rb8 Kf6 32. Rf8+ Bf7 33. Rh8 h5 34. Rb8
Nd3 35. Kg1 h4 36. Bd5 hxg3 37. fxg3 e4 38. Rf8 Ne5 39. Bxf7 Nxf7 40. g4 Ke5 41.
gxf5 Kd4 42. Nd5 Ne5 43. Ra8 Rg7+ 44. Kf2 Nd3+ 45. Kf1 Rg3 46. f6 e3 47. Re8
Rf3+ 48. Kg2 Ne5 49. Nxe3 Rxe3 50. Re6 Rxb3 51. Rxd6+ Kxc4 52. h4 Rd3 53. Re6
Ng6 54. Re4+ Rd4 0-1

[Event "88th Hastings Masters"]
[Site "Hastings ENG"]
[Date "2013.01.04"]
[Round "8.15"]
[White "Ternault, Mathieu"]
[Black "Kjartansson, Gudmundur"]
[Result "0-1"]
[BlackTitle "IM"]
[WhiteElo "2159"]
[BlackElo "2404"]
[WhiteFideId "20641532"]
[BlackFideId "2301318"]
[EventDate "2012.12.28"]

1. d4 Nf6 2. c4 c5 3. d5 e5 4. Nc3 d6 5. e4 Nbd7 6. g4 h6 7. h4 Be7 8. Qf3 Nf8
9. g5 hxg5 10. hxg5 Rxh1 11. Qxh1 N6h7 12. g6 fxg6 13. Nf3 Ng5 14. Nxg5 Bxg5 15.
Bxg5 Qxg5 16. Nb5 Ke7 17. Nc3 Qh6 18. Qg2 Nh7 19. Be2 Nf6 20. Kd1 Bh3 21. Qg3
Bd7 22. Kc2 Rh8 23. Rg1 Be8 24. Bf3 Qh2 25. Rh1 Qxg3 26. fxg3 Rxh1 27. Bxh1 Nh5
28. Ne2 Kf6 29. Kd2 Kg5 30. Ke3 Bd7 31. Bf3 b5 32. cxb5 Bxb5 33. Nc3 Bd7 34. Kf2
Kf6 35. Nd1 Ke7 36. Ne3 Nf6 37. Ke1 Kd8 38. Nd1 Kc7 39. Nc3 Kb6 40. Kf2 c4 41.
Ke3 Kc5 42. Ne2 g5 43. Nc3 g6 44. Ne2 Bh3 45. Kf2 Bd7 46. Ke3 Nh5 47. Kf2 g4 48.
Bg2 Ba4 49. Nc3 Bc2 50. Bf1 a6 51. Bg2 Bd3 52. Na4+ Kd4 53. Nb6 Nf6 54. Nc8 Ne8
55. Nb6 Nf6 56. Nc8 Bxe4 57. Nxd6 Bxg2 58. Kxg2 Nxd5 0-1

[Event "88th Hastings Masters"]
[Site "Hastings ENG"]
[Date "2013.01.04"]
[Round "8.16"]
[White "Wadsworth, Matthew J"]
[Black "Knott, Simon J B"]
[Result "1/2-1/2"]
[BlackTitle "IM"]
[WhiteElo "2067"]
[BlackElo "2325"]
[WhiteFideId "415804"]
[BlackFideId "400645"]
[EventDate "2012.12.28"]

1. c4 Nf6 2. g3 g6 3. Bg2 d5 4. cxd5 Nxd5 5. Nc3 Nxc3 6. bxc3 Bg7 7. Rb1 Nc6 8.
Qc2 O-O 9. Nf3 b6 10. O-O Bb7 11. d3 Re8 12. Bd2 e5 13. c4 Qd7 14. Bc3 Rad8 15.
a4 Ba8 16. Rfd1 Qe7 17. Nd2 Nd4 18. Bxd4 exd4 19. Bxa8 Rxa8 20. Re1 h5 21. Nf3
Rad8 22. a5 Rd6 23. axb6 axb6 24. e4 dxe3 25. Rxe3 Re6 26. Rxe6 Qxe6 27. Re1 Qd7
28. Rxe8+ Qxe8 29. d4 f5 30. c5 bxc5 31. Qxc5 Qd8 32. h4 Bf6 33. Ne5 Kg7 34. Qc4
Qe7 35. Qd5 Kh7 36. Kg2 Kg7 37. Kg1 1/2-1/2

[Event "88th Hastings Masters"]
[Site "Hastings ENG"]
[Date "2013.01.04"]
[Round "8.17"]
[White "Sihite, Chelsie Monica"]
[Black "Eames, Robert S"]
[Result "1/2-1/2"]
[WhiteTitle "WIM"]
[BlackTitle "FM"]
[WhiteElo "2277"]
[BlackElo "2263"]
[WhiteFideId "7101198"]
[BlackFideId "408743"]
[EventDate "2012.12.28"]

1. e4 c5 2. Nf3 d6 3. d4 cxd4 4. Nxd4 Nf6 5. Nc3 a6 6. Be3 e6 7. f3 b5 8. g4 h6
9. Qd2 Nbd7 10. h4 b4 11. Nd1 d5 12. Nf2 Bb7 13. g5 hxg5 14. hxg5 Rxh1 15. Nxh1
Nh5 16. g6 Qh4+ 17. Nf2 Be7 18. gxf7+ Kxf7 19. O-O-O Nc5 20. exd5 Bxd5 21. Nf5
Qf6 22. Nxe7 Qxe7 23. Bxc5 Qxc5 24. Nd3 Qb6 25. Qg5 Nf6 26. Ne5+ Kg8 27. Bd3 Rf8
28. Rg1 Qa7 29. Ng6 Ra8 30. Rh1 Qf2 31. Ne7+ Kf7 32. Nxd5 exd5 33. Bg6+ Ke6 34.
Bf5+ Kd6 35. Qxg7 Qe3+ 36. Kb1 Qe5 37. Bd3 Re8 38. Rd1 Nd7 39. Qh6+ Re6 40. Qh4
a5 41. f4 Qe3 42. Bf5 Re7 43. Bxd7 Rxd7 44. Qf6+ Kc7 45. f5 a4 46. Qa6 a3 47.
Qa5+ Qb6 48. Qxb6+ Kxb6 49. bxa3 bxa3 50. Rd3 Rh7 51. Rxa3 Rh1+ 52. Kb2 Rf1 53.
Rb3+ Kc5 54. a4 Rxf5 55. a5 Rf6 56. Ra3 Kb5 57. a6 Rxa6 58. Rxa6 Kxa6 59. Kc3
Kb5 60. Kd4 Kb4 1/2-1/2

[Event "88th Hastings Masters"]
[Site "Hastings ENG"]
[Date "2013.01.04"]
[Round "8.18"]
[White "Burnett, Jim"]
[Black "Rudd, Jack"]
[Result "0-1"]
[BlackTitle "IM"]
[WhiteElo "2172"]
[BlackElo "2288"]
[WhiteFideId "402273"]
[BlackFideId "405736"]
[EventDate "2012.12.28"]

1. d4 Nf6 2. Nf3 e6 3. c4 c5 4. Nc3 d5 5. cxd5 Nxd5 6. e4 Nxc3 7. bxc3 cxd4 8.
cxd4 Nc6 9. Bc4 b5 10. Bd3 a6 11. O-O Bb7 12. a4 b4 13. Bb2 Be7 14. Qe2 Qa5 15.
d5 Nd8 16. Bxg7 Rg8 17. Bb2 exd5 18. exd5 Qxd5 19. Rfe1 Ne6 20. Be4 Nf4 21. Bxd5
Nxe2+ 22. Rxe2 Bxd5 23. Rae1 O-O-O 24. Rxe7 Bxf3 25. Rc1+ Kb8 26. g3 Rd3 27.
Rxf7 Rgd8 28. Re7 Rd1+ 29. Re1 Rxe1+ 30. Rxe1 Rd2 31. Bc1 Rc2 32. Bf4+ Kb7 33.
h3 b3 34. g4 b2 35. Rb1 Bd5 0-1

[Event "88th Hastings Masters"]
[Site "Hastings ENG"]
[Date "2013.01.04"]
[Round "8.19"]
[White "Kirk, Ezra"]
[Black "Byron, Alan M"]
[Result "1-0"]
[WhiteElo "2254"]
[BlackElo "2167"]
[WhiteFideId "600067"]
[BlackFideId "401773"]
[EventDate "2012.12.28"]

1. d4 d5 2. c4 c6 3. Nf3 Nf6 4. Nc3 a6 5. e3 b5 6. b3 Bg4 7. Be2 e6 8. h3 Bh5 9.
O-O Nbd7 10. Bb2 Bd6 11. Nd2 Bg6 12. Bf3 O-O 13. Re1 b4 14. Na4 e5 15. e4 dxe4
16. Nxe4 Nxe4 17. Bxe4 Bxe4 18. Rxe4 f5 19. dxe5 fxe4 20. Qxd6 Qe8 21. e6 Nf6
22. Bd4 Rd8 23. Qe5 Rxd4 24. Qxd4 Qxe6 25. Nc5 Qe7 26. Nxa6 Rd8 27. Qc5 Rd6 28.
Re1 Qd8 29. Nxb4 Rd1 30. Rxd1 Qxd1+ 31. Kh2 Qd2 32. Nxc6 h5 33. Ne7+ Kf7 34. Nf5
Qxa2 35. Nd6+ Kg8 36. Qc8+ Kh7 37. Qf5+ Kg8 38. Nxe4 Nxe4 39. Qxe4 Qxf2 40. Qe8+
Kh7 41. Qxh5+ Kg8 42. Qd5+ Kh8 43. Qe4 Qb6 44. Qe5 1-0

[Event "88th Hastings Masters"]
[Site "Hastings ENG"]
[Date "2013.01.04"]
[Round "8.20"]
[White "Furman, Boris"]
[Black "Duff, Rufus"]
[Result "1/2-1/2"]
[WhiteTitle "FM"]
[WhiteElo "2237"]
[BlackElo "2114"]
[WhiteFideId "4107187"]
[BlackFideId "403032"]
[EventDate "2012.12.28"]

1. d4 d5 2. c4 e6 3. Nc3 c6 4. cxd5 exd5 5. Qc2 Bg4 6. Bf4 Bh5 7. e3 Bg6 8. Qd2
Nf6 9. h3 Nbd7 10. f3 Be7 11. g4 O-O 12. Nge2 Ne8 13. Bg2 Bh4+ 14. Kf1 a5 15. a4
Nc7 16. e4 dxe4 17. fxe4 Ne6 18. Be3 Re8 1/2-1/2

[Event "88th Hastings Masters"]
[Site "Hastings ENG"]
[Date "2013.01.04"]
[Round "8.21"]
[White "Kwiatkowski, Feliks J"]
[Black "Maroroa, Sue"]
[Result "0-1"]
[WhiteTitle "CM"]
[BlackTitle "WIM"]
[WhiteElo "2232"]
[BlackElo "2037"]
[WhiteFideId "401803"]
[BlackFideId "4301498"]
[EventDate "2012.12.28"]

1. e4 e5 2. Nf3 Nc6 3. Bb5 a6 4. Ba4 Nf6 5. O-O Be7 6. Re1 b5 7. Bb3 d6 8. c3
O-O 9. h3 Nb8 10. d4 Nbd7 11. Nbd2 Bb7 12. Bc2 c5 13. b3 Qc7 14. d5 c4 15. bxc4
bxc4 16. Qe2 Rfc8 17. Rb1 Rab8 18. Rb4 Nb6 19. Ba3 a5 20. Rb2 Ba6 21. Reb1 Nbd7
22. Rxb8 Rxb8 23. Rxb8+ Nxb8 24. Qe3 Nfd7 25. Qe1 Qb6 26. Qf1 Qb5 27. Bd1 Kf8
28. Be2 Nb6 29. Ne1 Qa4 30. Nb1 N8d7 31. Bf3 Ke8 32. Qe2 Qb5 33. Qc2 f5 34. Nd2
Nf6 35. exf5 Bb7 36. Ne4 Nxe4 37. Bxe4 Bxd5 38. Bxd5 Nxd5 39. Nf3 Nf4 40. Bc1
Nd3 41. Bg5 h6 42. Be3 Kf7 43. Qd2 a4 44. Bxh6 gxh6 45. Qxh6 Nf4 46. Qh7+ Ke8
47. g3 Qb1+ 48. Kh2 Qxa2 49. Qg8+ Kd7 50. gxf4 Qxf2+ 51. Kh1 Qxf3+ 52. Kg1 Qe3+ 0-1

[Event "88th Hastings Masters"]
[Site "Hastings ENG"]
[Date "2013.01.04"]
[Round "8.22"]
[White "Hagen, Anders Gjerdrum"]
[Black "Sreeves, Clement"]
[Result "1/2-1/2"]
[WhiteElo "2126"]
[BlackElo "2223"]
[WhiteFideId "1506650"]
[BlackFideId "2402564"]
[EventDate "2012.12.28"]

1. d4 f5 2. Nf3 Nf6 3. g3 e6 4. Bg2 Be7 5. O-O O-O 6. c4 d6 7. b3 Ne4 8. Bb2 Bf6
9. Nbd2 Nc6 10. Nxe4 fxe4 11. Ne1 d5 12. Nc2 Ne7 13. Rb1 Nf5 14. f3 exf3 15.
Bxf3 c6 16. e4 dxe4 17. Bxe4 Bd7 18. Qd3 g6 19. Ne3 Nxe3 20. Qxe3 Qe7 21. Rf3
Bg7 1/2-1/2

[Event "88th Hastings Masters"]
[Site "Hastings ENG"]
[Date "2013.01.04"]
[Round "8.23"]
[White "Flear, Christine"]
[Black "Jaunooby, Ali R"]
[Result "1-0"]
[WhiteTitle "WIM"]
[WhiteElo "2156"]
[BlackElo "2178"]
[WhiteFideId "602604"]
[BlackFideId "413291"]
[EventDate "2012.12.28"]

1. d4 c5 2. d5 e5 3. e4 d6 4. Nc3 g6 5. h4 h5 6. Be2 a6 7. a4 Bg7 8. Nf3 Nh6 9.
a5 Ng4 10. Nd2 f5 11. Nc4 O-O 12. Bg5 Bf6 13. Qd2 f4 14. f3 Bxg5 15. hxg5 Ne3
16. Nxe3 fxe3 17. Qxe3 Nd7 18. g4 h4 19. Rxh4 Rf4 20. Kd2 Nf8 21. Rah1 Qxg5 22.
Rh8+ Kg7 23. Bc4 Qd8 24. R1h7+ Kf6 25. Qg1 Bxg4 26. Rh6 Bh5 27. Rg8 Kf7 28. Rhh8
Qf6 29. Be2 Bxf3 30. Qh2 Qg5 31. Kd3 Bxe4+ 32. Nxe4 c4+ 33. Kxc4 Rxe4+ 34. Kb3
Qd2 35. Rxf8+ Rxf8 36. Qh7+ Ke8 37. Qxg6+ Kd7 38. Qe6+ Kc7 39. Qe7+ Kb8 40.
Qxd6+ 1-0

[Event "88th Hastings Masters"]
[Site "Hastings ENG"]
[Date "2013.01.04"]
[Round "8.25"]
[White "Lenier, Jude A"]
[Black "Steil-Antoni, Fiona"]
[Result "1-0"]
[BlackTitle "WIM"]
[WhiteElo "2069"]
[BlackElo "2169"]
[WhiteFideId "470678"]
[BlackFideId "4001249"]
[EventDate "2012.12.28"]

1. e4 e5 2. Nf3 Nc6 3. Bb5 a6 4. Ba4 d6 5. d4 b5 6. Bb3 Nxd4 7. Nxd4 exd4 8. a4
Bb7 9. axb5 axb5 10. Rxa8 Qxa8 11. Qh5 d5 12. exd5 Bb4+ 13. c3 dxc3 14. O-O Ne7
15. d6 Bd5 16. dxe7 1-0